000 01773pab a2200169 454500
008 180718b2004 xxu||||| |||| 00| 0 eng d
100 _aHarris, Richard L.
245 _aDemocratization of the state: a global perspective and South African case study
260 _c2004
300 _ap.1061-1100.
520 _aThis essay provides a global perspective on the democratic transformation of the state in societies undergoing democratization. Comparative research indicates that the development and effective performance of democratic political systems require the establishment of honest and competent public bureaucracies that avoid political partisanship and demonstrate respect for the diverse values and interests of the population they serve. Especially important in democratizing the state is the development and practice of the norms of secondary democracy. The practice of these norms of mutual respect, fairness, and collaboration create the essential culture of modus vivendi of democracy. The Republic of South Africa is analyzed as an important case study of contemporary state that is attempting to create a democratic and corruption - free public service in a country with an extremely racist, authoritarian, and corruption-ridden past. This case study reveals that the democratization of the state in South Africa, as in the case of other countries around the world, requires the members of the state bureaucracy to practice the norms of secondary democracy in their daily relations with one another and in their relations with the citizenry. - Reproduced.
650 _aDemocratization - Case studies
650 _aDemocratization - South Africa
650 _aDemocratization
773 _aInternational Journal of Public Administration
909 _a63806
999 _c63806
_d63806